Cómo evaluar y mejorar sus habilidades directivas (Registro nro. 6514)

Detalles MARC
000 -Cabecera
Campo de control de longitud fija 00910aam a2200313 4500
005 - Fecha y hora de la última transacción
Campo de control 20250723154224.0
008 - Elementos de longitud fija--Información general
Campo de control de longitud fija 150727b2000 xxu||||| |||| 00| 0 spa d
020 ## - International Standard Book Number
Número Internacional Estándar del Libro (ISBN) 84808886110
041 ## - Idioma
Código de idioma Español
082 ## - Clasificación Decimal Dewey
Número de clasificación 658.409.2 B973c
100 ## - Entrada principal--Autor personal
Nombre personal Burt, Vikky
9 (RLIN) 38385
245 ## - Título propiamente dicho
Título Cómo evaluar y mejorar sus habilidades directivas
260 ## - Pie de imprenta
Lugar de publicación, distribución, etc. España
260 ## - Pie de imprenta
Nombre del editor, distribuidor, etc. Gestión 2000
260 ## - Pie de imprenta
Fecha de publicación, distribución, etc. 2000
300 ## - Descripción física
Extensión 93 páginas
490 ## - Serie
Título de la Serie Dirección y Administración de Empresas
650 ## - Materia general
Temática (materia general) LIDERAZGO EJECUTIVO
650 ## - Materia general
Temática (materia general) EVALUAR HABILIDADES DIRECTIVAS
650 ## - Materia general
Temática (materia general) DESARROLLAR NUEVAS CAPACIDADES
650 ## - Materia general
Temática (materia general) NORMATIVA DIRECTIVA
650 ## - Materia general
Temática (materia general) PRUEBA DE CAPACIDADES DIRECTIVAS
650 ## - Materia general
Temática (materia general) ACTIVIDADES DIRECTIVAS
650 ## - Materia general
Temática (materia general) CAPACIDAD DIRECTIVA
650 ## - Materia general
Temática (materia general) HABILIDADES PERSONALES
650 ## - Materia general
Temática (materia general) EXAMINAR RENDIMIENTO
650 ## - Materia general
Temática (materia general) EVALUACIÓN DE DIRECTIVAS
942 ## - Punto de acceso adicional KOHA
Tipo de ítem KOHA Libro
Fuente del sistema de clasificación o colocación Dewey Decimal Classification
Existencias
Signatura completa Código de barras Programa Académico Tipo de ítem
658.409.2 B973c 11739 Dirección y Administración de Empresas Libro